The Hebrew impact on Western civilization.

Bibliographic Details
Main Author: Runes, Dagobert D. (Dagobert David), 1902-1982
Format: Book
Language:English
Published: New York : Philosophical Library, [1951]
Subjects:

MARC

Tag First Indicator Second Indicator Subfields
LEADER 00000cam a2200000 4500
001 in00000037969
005 20151007080737.0
008 740415s1951 eng u
010 |a  51000102  
020 |a 0837163544 
035 |a (OCoLC)00856709 
035 |9 AAF5307AM 
040 |c OUN  |d TXA  |d UtOrBLW 
049 |a TXAM  |c [201408] 
050 0 0 |a DS113  |b .R8 
082 0 |a 296 
092 |a 296  |b R941h 
100 1 |a Runes, Dagobert D.  |q (Dagobert David),  |d 1902-1982. 
245 1 4 |a The Hebrew impact on Western civilization. 
264 1 |a New York :  |b Philosophical Library,  |c [1951] 
300 |a xiv, 922 pages ;  |c 23 cm. 
336 |a text  |b txt  |2 rdacontent 
337 |a unmediated  |b n  |2 rdamedia 
338 |a volume  |b nc  |2 rdacarrier 
504 |a Includes bibliographies. 
650 2 0 |a Jews  |x Civilization. 
650 0 |a Civilization, Western. 
999 |a MARS 
999 f f |s 0fd28f88-5ed7-3f26-b093-22a1b627bd0c  |i fe7e6293-0a66-38de-bf20-63ba4d7a85eb  |t 0 
952 f f |p normal  |a Texas A&M University  |b College Station  |c Sterling C. Evans Library  |d Evans: Library Stacks  |t 0  |e DS113 .R8  |h Library of Congress classification  |i unmediated -- volume  |m A14800630195 
998 f f |a DS113 .R8  |t 0  |l Evans: Library Stacks